Diccionario general de ciencias humanas

Gespeichert in:
Bibliographische Detailangaben
Hauptverfasser: Thines, Georges (VerfasserIn), Agnes, Lempereur (VerfasserIn)
Format: Buch
Sprache:Spanisch
Veröffentlicht: Madrid Eds. Cátedra 1978
Schlagworte:
Tags: Tag hinzufügen
Keine Tags, Fügen Sie den ersten Tag hinzu!

MARC

LEADER 00000nam a2200000 a 4500
001 UCW7732
003 CL-VaPUC
008 930806e19780000SP |||||||||||||||||spa|d
082 0 4 |a 030  |b THI  |2 21 
100 0 |a Thines, Georges  |e author  |9 312927 
700 0 |a Agnes, Lempereur  |e author  |9 312928 
245 1 0 |a Diccionario general de ciencias humanas 
300 |a 958 p 
942 |c BK 
945 |d 19930806 00:00:00 
260 |a Madrid  |b Eds. Cátedra  |c 1978 
650 0 |a Sociología   |9 255410 
650 0 |a Diccionarios  |9 256200 
650 0 |a Ciencia  |9 255691 
650 0 |a Filosofía   |9 223554 
583 |a last modification  |c 19930806 00:00:00  |k Rodrigo Vera 
999 |c 220397  |d 220395 
952 |0 0  |1 0  |4 0  |6 030_000000000000000_THI_1978  |7 0  |8 X  |9 212566  |a BIBEDU  |b BIBEDU  |d 2019-11-15  |i 2807785  |o 030 THI 1978  |p 2807785  |r 2023-01-13  |w 2019-11-15  |y BK_X  |k EDU 
952 |0 0  |1 0  |4 0  |6 030_000000000000000_THI_1978  |7 0  |8 A  |9 212567  |a FDOPOS  |b FDOPOS  |d 2019-11-15  |i 1471902  |o 030 THI 1978  |p 1471902  |r 2025-01-22  |w 2019-11-15  |y BK  |k MLA